000 00228nam a2200085Ia 4500
005 20250424112821.0
008 250424s9999 xx 000 0 und d
650 _aMicrobiology--Periodicals. Biotechnology--Periodicals.
942 _cSR
999 _c37301
_d37301